К новым рубежам : (Record no. 199752)
[ view plain ]
| 000 -LEADER | |
|---|---|
| fixed length control field | 01043nam a2200229 u 4500 |
| 001 - CONTROL NUMBER | |
| control field | 000536413 |
| 003 - CONTROL NUMBER IDENTIFIER | |
| control field | AM-YeHGA |
| 005 - DATE AND TIME OF LATEST TRANSACTION | |
| control field | 20250617135414.0 |
| 008 - FIXED-LENGTH DATA ELEMENTS--GENERAL INFORMATION | |
| fixed length control field | 070515s1988 ||| r 000 0 rus d |
| 040 ## - CATALOGING SOURCE | |
| Original cataloging agency | AM-YeHGA |
| 041 0# - LANGUAGE CODE | |
| Language code of text/sound track or separate title | rus |
| 090 ## - LOCALLY ASSIGNED LC-TYPE CALL NUMBER (OCLC); LOCAL CALL NUMBER (RLIN) | |
| -- | 201236 |
| 100 1# - MAIN ENTRY--PERSONAL NAME | |
| Personal name | Копырин, Николай Захарович |
| 245 10 - TITLE STATEMENT | |
| Title | К новым рубежам : |
| Remainder of title | (Заметки о якутской поэзии 1955-1975 гг.) / |
| Statement of responsibility, etc. | Н.З. Копырин; АН СССР, Сиб. отд-ние, Якут. фил., Ин-т яз., лит. и истории. |
| 260 ## - PUBLICATION, DISTRIBUTION, ETC. | |
| Place of publication, distribution, etc. | Якутск : |
| Name of publisher, distributor, etc. | Кн. изд-во, |
| Date of publication, distribution, etc. | 1988. |
| 300 ## - PHYSICAL DESCRIPTION | |
| Extent | 88 с. |
| 504 ## - BIBLIOGRAPHY, ETC. NOTE | |
| Bibliography, etc. note | Библиогр.: с. 86-87 |
| 653 0# - INDEX TERM--UNCONTROLLED | |
| Uncontrolled term | Якутская советская поэзия |
| 653 0# - INDEX TERM--UNCONTROLLED | |
| Uncontrolled term | Якутская АССР, литературоведение |
| 710 2# - ADDED ENTRY--CORPORATE NAME | |
| Corporate name or jurisdiction name as entry element | Академия наук СССР |
| Subordinate unit | Сибирское отделение |
| 710 2# - ADDED ENTRY--CORPORATE NAME | |
| Corporate name or jurisdiction name as entry element | Институт языка, литературы и истории АН СССР |
| Subordinate unit | Якутский филиал |
| Withdrawn status | Lost status | Damaged status | Not for loan | Collection | Home library | Current library | Date acquired | Total checkouts | Full call number | Barcode | Date last seen | Price effective from | Koha item type | Public note |
|---|---|---|---|---|---|---|---|---|---|---|---|---|---|---|
| General | Fundamental Scientific Library | Fundamental Scientific Library | 28/12/2016 | РII/601428 | 120601428 | 28/12/2016 | 28/12/2016 | Գրքեր / Books | 30 Days Loan |
ՀՀ Գիտությունների ազգային ակադեմիայի հիմնարար գիտական գրադարան = Fundamental Scientific Library of NAS RA
All site content, except where otherwise noted, is licensed under a